| 000 | 00501nam a22002177a 4500 | ||
|---|---|---|---|
| 005 | 20220128131422.0 | ||
| 008 | 191114b xxu||||| |||| 00| 0 spa d | ||
| 041 | _aspa | ||
| 082 | _a428 H333i6 | ||
| 100 |
_aHartman, P. _956803 |
||
| 100 |
_aMentel, J. _956804 |
||
| 245 | _aInteractions reading | ||
| 250 | _a6 edición | ||
| 260 | _aMéxico | ||
| 260 | _bMcGraw Hill | ||
| 260 | _c2014 | ||
| 300 | _a195 páginas | ||
| 650 |
_aINGLÉS _92062 |
||
| 650 |
_aENSEÑANZA _9236 |
||
| 942 | _cBK | ||
| 999 |
_c12470 _d12470 |
||